| 000 | 01178nam a2200229Ia 4500 | ||
|---|---|---|---|
| 001 | L860-50238 | ||
| 003 | IT-CnALBA | ||
| 008 | 170116s9999||||xx |||||||||||||| ||und|| | ||
| 040 |
_aIT-CnALBA _cIT-CnALBA |
||
| 041 | _aITALIANO | ||
| 100 | _aENDO SHUSAKU | ||
| 245 | 0 | _aSILENZIO. | |
| 250 | _a1a ed. | ||
| 260 |
_a ROMA _bCOINES EDIZIONI S.P.A. _c1973 [1° Ed.:1973 - Ed.Ling.Originale: 1966] |
||
| 300 | _a221 p. | ||
| 500 | _aTRADUZIONE DALL'INGLESE. QUADRO CRONOLOGICO. CONTRASTO TRA DUE FORZE, ENIGMA DELL'ANIMA GIAPPONESE, SICUREZZA TEOLOGICA DEL CRISTIANESIMO OCCIDENTALE. PERSECUZIONI DEI CRISTIANI IN GIAPPONE NEL XVII SECOLO. MARTIRIO. APOSTASIA. SILENZIO DI DIO. LA RIVELAZ | ||
| 501 | _aSocietà San Paolo EM - Piazza San Paolo, 14 - 12051 ALBA (CN) (non commercial uses only) ® Copyright 2017 | ||
| 520 | _aTRADUZIONE DALL'INGLESE. QUADRO CRONOLOGICO. CONTRASTO TRA DUE FORZE, ENIGMA DELL'ANIMA GIAPPONESE, SICUREZZA TEOLOGICA DEL CRISTIANESIMO OCCIDENTALE. PERSECUZIONI DEI CRISTIANI IN GIAPPONE NEL XVII SECOLO. MARTIRIO. APOSTASIA. SILENZIO DI DIO. LA RIVELAZ | ||
| 650 | _aLETTERATURA SPAGNOLA E PORTOGHESE | ||
| 942 | _cBK | ||
| 957 | _71 | ||
| 999 |
_a56762 _bNO _g Copie: 1 _c309149 _d309149 |
||